| 000 | 01947cam a2200517 a 4500 | ||
|---|---|---|---|
| 001 | 48705 | ||
| 005 | 20230411085810.0 | ||
| 008 | 050919s2004 enk bd 000 0 eng | ||
| 010 | _a 2005282294 | ||
| 035 | _a(OCoLC)ocm53123359 | ||
| 040 |
_aUKM _cUKM _dDLC _dBWK _dMUQ _dBAKER _dBTCTA |
||
| 015 |
_aGBA3U3742 _2bnb |
||
| 016 | 7 |
_a007733116 _2Uk |
|
| 019 | _a57202405 | ||
| 020 | _a1857432126 | ||
| 020 | _a9781857432121 | ||
| 029 | 1 |
_aUKM _bbA3U3742 |
|
| 029 | 1 |
_aNZ1 _b7987674 |
|
| 035 |
_a(OCoLC)53123359 _z(OCoLC)57202405 |
||
| 042 | _alccopycat | ||
| 043 | _aaw----- | ||
| 050 | 1 | 4 |
_aR DS 43 _bS447p 2004 |
| 082 | 0 | 4 | _a956.003 |
| 049 | _aGRAL | ||
| 100 | 1 | _aSeddon, David. | |
| 245 | 1 | 2 |
_aA political and economic dictionary of the Middle East / _cDavid Seddon. |
| 250 | _a1st ed. | ||
| 260 |
_aLondon ; _aNew York : _bEuropa Publications, _c2004. |
||
| 300 |
_ax, 603 p. ; _c25 cm. |
||
| 504 | _aIncludes bibliographical references (p. 603). | ||
| 651 | 0 |
_aMiddle East _xPolitics and government _vDictionaries. |
|
| 651 | 0 |
_aMiddle East _xEconomic conditions _vDictionaries. |
|
| 651 | 0 |
_aMiddle East _xEconomic policy _vDictionaries. |
|
| 651 | 6 |
_aMoyen-Orient _xConditions économiques _vDictionnaires anglais. |
|
| 651 | 6 |
_aMoyen-Orient _xPolitique économique _vDictionnaires anglais. |
|
| 651 | 6 |
_aMoyen-Orient _xPolitique et gouvernement _vDictionnaires anglais. |
|
| 651 | 6 |
_aAfrique du Nord _xConditions économiques _vDictionnaires anglais. |
|
| 651 | 6 |
_aAfrique du Nord _xPolitique économique _vDictionnaires anglais. |
|
| 651 | 6 |
_aAfrique du Nord _xPolitique et gouvernement _vDictionnaires anglais. |
|
| 856 | 4 | 2 |
_3Publisher description _uhttp://www.loc.gov/catdir/enhancements/fy0653/2005282294-d.html |
| 938 |
_aBaker and Taylor _bBTCP _n2005282294 |
||
| 938 |
_aBaker & Taylor _bBKTY _c230.00 _d230.00 _i1857432126 _n0004224425 _sactive |
||
| 942 |
_2lcc _cbk |
||
| 946 | _ajoacosta | ||
| 994 |
_aC0 _bDRFGD |
||
| 999 |
_c107506 _d107506 |
||